| 000 | 00642nam a2200241Ia 4500 | ||
|---|---|---|---|
| 003 | OSt | ||
| 005 | 20220924113101.0 | ||
| 006 | a|||||r|||| 00| 0 | ||
| 007 | ta | ||
| 008 | 220923b |||||||| |||| 00| 0 eng d | ||
| 024 | _a56677 | ||
| 037 | _cDictionary | ||
| 040 |
_aARTS _cARTS _beng |
||
| 041 |
_2eng _aeng |
||
| 082 | _aP12:4k, 113K8 | ||
| 100 |
_aMeyer W _9169433 |
||
| 245 | 0 | _aRomanisches etymologisches worterbuch | |
| 260 |
_aHeidelberg _bCarl Winter Univ _c1968 |
||
| 300 |
_axxxi, 1204p. _ccm. |
||
| 650 | _aLINGUISTICS | ||
| 942 |
_hP12:4k, 113K8 _cdic _2cc |
||
| 999 |
_c389176 _d389176 |
||